000
00287nam a2200121 a 4500
008
100921s1968|||| d
245
1
0
_a
Trinásť zlatých kameňov
100
1
_a
Ferko, Vladimír
260
_b
Smena
_a
Bratislava
_c
1968
020
_c
24
044
_a
xo
_c
SK
041
_a
slo
999
_c
10571
_d
10571